| 000 | 00669nam a22001937a 4500 | ||
|---|---|---|---|
| 005 | 20250919104210.0 | ||
| 008 | 250918b |||||||| |||| 00| 0 eng d | ||
| 020 | _a9780367768270 | ||
| 082 | _aDC 808.066361 M381 2024 | ||
| 100 |
_aMason, Susan E. _967730 |
||
| 245 |
_aHandbook for social work writing / _cSusan E. Mason and Wendy Zeitlin. |
||
| 260 |
_aNew York : _bRoutledge, _c©2024. |
||
| 300 |
_a157 pages : _billustrations ; _c20 cm. |
||
| 500 | _aIncludes appendices, references, and index. | ||
| 650 | 0 |
_aCommunication in social work. _967875 |
|
| 650 | 0 |
_aSocial case work reporting. _967876 |
|
| 700 |
_aZeitlin, Wendy. _967733 _eauthor. |
||
| 942 |
_2ddc _cDC |
||
| 999 |
_c23830 _d23830 |
||